[Event "Bagneux"]
[Site "Bagneux"]
[Date "1992.??.??"]
[Round "1"]
[White "Cosson, Jeoffray"]
[Black "Bartha, Sandor"]
[Result "1-0"]
[WhiteElo "2305"]
[BlackElo "2310"]
[PlyCount "80"]
[EventDate "1992.??.??"]
[EventType "tourn"]
[EventRounds "9"]
[EventCountry "FRA"]
[EventCategory "3"]
[SourceTitle "EXT 1999"]
[Source "ChessBase"]
[SourceDate "1998.11.16"]
[SourceVersion "1"]
[SourceVersionDate "1998.11.16"]
[SourceQuality "1"]

1. e4 c5 2. Nf3 d6 3. d4 cxd4 4. Qxd4 Nc6 5. Bb5 Bd7 6. Bxc6 Bxc6 7. Nc3 Nf6 8. Bg5 e6 9. 0-0-0 Be7 10. Rhe1 Qa5 11. Qd2 h6 12. Bh4 g5 13. Bg3 e5 14. Kb1 Qc7 15. h4 g4 16. Nh2 0-0-0 17. Qe2 Rdg8 18. Qc4 Be8 19. Qb3 Qb6 20. Nd5 Nxd5 21. Qxd5 Qc6 22. Qa5 Qb6 23. Qa3 Bf8 24. Qc3+ Qc7 25. Qd3 Bc6 26. Nf1 h5 27. Ne3 Rg6 28. Nc4 Re6 29. f4 gxf3 30. gxf3 a6 31. Bf2 Bb5 32. Nb6+ Qxb6 33. Bxb6 Bxd3 34. Rxd3 d5 35. Rc3+ Kb8 36. Bc7+ Ka7 37. exd5 Rf6 38. Bxe5 Rhh6 39. Bxf6 Rxf6 40. Rc8 Bg7 1-0

[Event "Bagneux"]
[Site "Bagneux"]
[Date "1992.??.??"]
[Round "8"]
[White "Cosson, Jeoffray"]
[Black "Sinkovics, Peter"]
[Result "0-1"]
[WhiteElo "2305"]
[BlackElo "2335"]
[PlyCount "42"]
[EventDate "1992.??.??"]
[EventType "tourn"]
[EventRounds "9"]
[EventCountry "FRA"]
[EventCategory "3"]
[SourceTitle "EXT 1999"]
[Source "ChessBase"]
[SourceDate "1998.11.16"]
[SourceVersion "1"]
[SourceVersionDate "1998.11.16"]
[SourceQuality "1"]

1. e4 e5 2. Bc4 Nf6 3. Nf3 Nxe4 4. Nc3 Nd6 5. Bb3 Nc6 6. 0-0 Be7 7. Re1 e4 8. Nxe4 Nxe4 9. Rxe4 d5 10. Ne5 0-0 11. Nxc6 bxc6 12. Re1 Bd6 13. d4 Qh4 14. g3 Qh3 15. Qf3 Bg4 16. Qg2 Qh5 17. Ba4 Rae8 18. Bd2 Bf3 19. Qf1 Be2 20. Qg2 Re4 21. c3 Bf3 0-1